Music Quiz

Random Music or Song Quiz

Rock and Roll Obituaries 2 Quiz Stats

 Plays Quiz not verified by Sporcle

Support Sporcle.
Go Orange.
Score 0/46 Timer 12:00
0 Plays Today
Year/Cause of Death Name % Correct
2016/CancerDavid Bowie
79.1%
1981/Heart AttackBill Haley
73.9%
2016/PneumoniaGlenn Frey
73.2%
1998/Heart AttackFrank Sinatra
69.9%
1997/Plane CrashJohn Denver
69.3%
1973/Plane CrashJim Croce
65.4%
2001/LymphomaJoey Ramone
64.7%
1974/Heart AttackMama Cass Elliot
62.1%
1959/Plane CrashRitchie Valens
59.5%
2003/Heart AttackMaurice Gibb
51.6%
1938/UnknownRobert Johnson
44.4%
2012/CancerDonna Summer
43.1%
2013/CancerRay Manzarek
43.1%
1968/OverdoseFrankie Lymon
35.9%
1977/Plane CrashRonnie Van Zant
35.9%
2015/OverdoseScott Weiland
35.9%
1999/CancerDusty Springfield
34.6%
2002/OverdoseLayne Staley
34%
2012/CancerLevon Helm
34%
1995/Heart AttackJerry Garcia
31.4%
2012/CancerAdam Yauch
30.7%
1966/SuicideBobby Fuller
30.1%
1985/Plane CrashRicky Nelson
30.1%
Year/Cause of Death Name % Correct
1987/MurderPeter Tosh
28.8%
1981/Heart AttackHarry Chapin
26.8%
2015/CancerLemmy Kilmister
25.5%
1984/PneumoniaJackie Wilson
24.2%
1995/AIDS ComplicationsEazy-E
23.5%
2004/MurderDimebag Darrell
22.9%
1986/Bus CrashCliff Burton
22.2%
1967/Huntington's DiseaseWoody Guthrie
19%
2014/Liver DiseaseJack Bruce
19%
2013/Liver DiseaseLou Reed
18.3%
1997/Irregular HeartbeatTownes Van Zandt
17%
2008/CancerRichard Wright
17%
2015/Alzeimer's and Heart FailureBB King
15.7%
2003/SuicideElliott Smith
13.7%
1949/ALSLead Belly
13.1%
1993/CancerFrank Zappa
12.4%
1990/OverdoseAndy Wood
11.8%
1991/StrokeMiles Davis
9.8%
1967/CancerJohn Coltrane
7.8%
1977/Heart AttackBing Crosby
5.2%
1984/Heart AttackBig Mama Thornton
5.2%
1991/Heart AttackSerge Gainsbourg
3.3%
2009/PneumoniaLes Paul
2.6%

You're not logged in!

Compare scores with friends on all Sporcle quizzes.
OR
Log In

From the Vault

Arizona Cities

by TheBigE1980

This quiz may seem difficult, but don't worry, it's a dry difficult.
Remove Ads.
Support Sporcle.
Get the best of Sporcle when you Go Orange. This ad-free experience offers more features, more stats, and more fun while also helping to support Sporcle. Thank you for becoming a member.

Show Comments

Extras

Top Quizzes Today


Score Distribution

Your Account Isn't Verified!

In order to create a playlist on Sporcle, you need to verify the email address you used during registration. Go to your Sporcle Settings to finish the process.

Report this User

Report this user for behavior that violates our Community Guidelines.

Details: